La rebelión de las élites y la tradición a la democracia / (Record no. 116868)

MARC details
000 -CABECERA
campo de control de longitud fija 00895nam a2200241 a 4500
005 - FECHA Y HORA DE LA ÚLTIMA TRANSACCIÓN
campo de control 20210223125933.0
008 - ELEMENTOS DE LONGITUD FIJA--INFORMACIÓN GENERAL
campo de control de longitud fija 060525s1996 mx r 000 0 spa d
020 ## - NÚMERO INTERNACIONAL NORMALIZADO PARA LIBROS
Número Internacional Estándar del Libro 8449302617
035 ## - NÚMERO DE CONTROL DEL SISTEMA
Número de control de sistema UPN01000144721
049 ## - COLECCIÓN
Colección CG
050 #4 - SIGNATURA TOPOGRÁFICA DE LA BIBLIOTECA DEL CONGRESO
Número de clasificación HN90 P5.7
Número de documento/Ítem L3.7
100 1# - ASIENTO PRINCIPAL--NOMBRE PERSONAL
Nombre de persona Lasch, Christopher
245 13 - MENCIÓN DE TÍTULO
Título La rebelión de las élites y la tradición a la democracia /
Mención de responsabilidad, etc. Christopher Lasch ; tr. Francisco Javier Ruiz Calderón.
260 ## - PUBLICACIÓN, DISTRIBUCIÓN, ETC.
Lugar de publicación, distribución, etc. Barcelona, Esp. :
Nombre del editor, distribuidor, etc. Paidós,
Fecha de publicación, distribución, etc. 1996.
300 ## - DESCRIPCIÓN FÍSICA
Extensión 237 p.
440 #0 - MENCIÓN DE SERIE/ASIENTO SECUNDARIO--TÍTULO
Título Paidós estado y sociedad ;
Designación de volumen o secuencia 35
534 ## - NOTA SOBRE LA VERSIÓN ORIGINAL
Frase introductoria Título original:
Mención de título del original The revolt of the elites and the betrayal of democracy
650 #4 - ASIENTO SECUNDARIO DE MATERIA - TERMINO TEMATICO
Término de materia o nombre geográfico como elemento de entrada POLARIZACION (CIENCIAS SOCIALES)
9 (RLIN) 6256
650 #4 - ASIENTO SECUNDARIO DE MATERIA - TERMINO TEMATICO
Término de materia o nombre geográfico como elemento de entrada DEMOCRACIA -
Subdivisión geográfica ESTADOS UNIDOS
9 (RLIN) 6022
650 #4 - ASIENTO SECUNDARIO DE MATERIA - TERMINO TEMATICO
Término de materia o nombre geográfico como elemento de entrada ELITE (CIENCIAS SOCIALES) -
Subdivisión geográfica ESTADOS UNIDOS
9 (RLIN) 6258
651 #4 - ASIENTO SECUNDARIO DE MATERIA - NOMBRE GEOGRAFICO
Nombre geográfico ESTADOS UNIDOS -
Subdivisión general CONDICIONES SOCIALES -
Subdivisión cronológica 1945-
9 (RLIN) 6257
905 ## - TIPO DE MATERIAL
Tipo de material Libro
Holdings
Estado de retiro Estado de pérdida Fuente del sistema de clasificación o colocación Estado dañado No para préstamo Código de colección Localización permanente Ubicación/localización actual Ubicación en estantería Total de préstamos Clasificación Código de barras Fecha visto por última vez Número de copia Tipo de ítem Koha
    Library of Congress Classification     Colección General Bib. Gregorio Torres Quintero Bib. Gregorio Torres Quintero Planta baja 1 HN90 P5.7 L3.7 241202 31/12/2020 1 Libro
    Library of Congress Classification     Colección General Bib. Gregorio Torres Quintero Bib. Gregorio Torres Quintero Planta baja 2 HN90 P5.7 L3.7 236848 31/12/2020 1 Libro